INSEH INFORMA/
Kaydedildi:
| Müşterek Yazar: | |
|---|---|
| Materyal Türü: | Kitap |
| Dil: | Spanish |
| Baskı/Yayın Bilgisi: |
Tegucigalpa:
Instituto de Investigaciones Socioeconómicas de Honduras,
|
| Konular: | |
| Etiketler: |
Etiketle
Etiket eklenmemiş, İlk siz ekleyin!
|
MARC
| LEADER | 00000nam a22000007a 4500 | ||
|---|---|---|---|
| 003 | cru CIDCACS/IIS | ||
| 005 | 20200812110103.0 | ||
| 007 | ta | ||
| 008 | 190924b ||||| |||| 00| 0 spa d | ||
| 999 | |c 43029 |d 43029 | ||
| 040 | |c cru CIDCACS/IIS | ||
| 090 | |a REV0583 | ||
| 110 | 2 | |9 9183 |a Instituto de Investigaciones Socioeconómicas de Honduras | |
| 245 | 1 | |a INSEH INFORMA/ |c Instituto de Investigaciones Socioeconómicas de Honduras | |
| 260 | |a Tegucigalpa: |b Instituto de Investigaciones Socioeconómicas de Honduras, | ||
| 270 | |e 20-057 Col. San Angel 01000 | ||
| 500 | |a EXISTENCIAS : 1984 1 (1-2, 4-6) 1985-1986 1-2 (7-21) 1987 4 (23, 25-30) 1988-1990 4-6 (31-61) 1991 7 (62-63, 64) 8 (65-66) 1992 8 (67) | ||
| 650 | 0 | |a MOVIMIENTOS SOCIALES |9 3 | |
| 650 | 0 | |9 243 |a ESTADO | |
| 650 | 0 | |9 632 |a ASPECTOS SOCIALES | |
| 650 | 0 | |9 4355 |a ASPECTOS ECONOMICOS | |
| 650 | 0 | |9 3066 |a ASPECTOS POLITICOS | |
| 650 | 4 | |9 3253 |a POLITICA GUBERNAMENTAL | |
| 650 | 0 | |9 138 |a PAZ | |
| 651 | 0 | |9 32 |a COSTA RICA | |
| 942 | |2 ddc |c PP | ||
